000 00678nam a2200265Ia 4500
005 20260121161338.0
008 008 260114s9999 xx 000 0 eng d
020 _a9781315635453
037 _aEBOOK
040 _aCRL
040 _beng
040 _cCRL
041 _2eng
041 _aeng
084 _qCRL
100 _aContesting Empire, Globalizing Dissent
_91043287
245 0 _aMichael D. Giardina; Norman K. Denzin
260 _bTaylor and Francis
260 _c2007
650 _aSociology & Social Policy
_91043288
856 _uhttp://www.taylorfrancis.com/books/9781315635453
942 _cEBOOK
999 _c1610046
_d1610046